000 00805cam a22002771 4500
001 sa 68005759
003 DLC
005 20260227112511.0
008 890821s1966 ii b 000 0 urd
010 _asa 68005759
025 _aPL480:I-U-2112
035 _a(OCoLC)20225516
040 _aDLC
_cMiEM
_dMiEM
_dDLC
041 1 _aurd
_heng
042 _apremarc
050 0 0 _aPK2155
_b.S32
100 1 _aSaksena, Ram Babu.
245 1 0 _aTārīkh-i-Adab-i-Urdū:
_bHistory of Urdu Literature,
_cRām Babu Saksena.
260 _aDehli
_b[Chaman Book Depot,
_c1966]
300 _a868 p.
_c18 cm.
500 _aIn Urdu.
504 _aBibliographical footnotes.
650 0 _aUrdu literature
_xHistory and criticism.
700 1 _aʻAskarī, Muḥammad,
_etr.
740 0 _aHistrī āf Urdū liṭrecar.
999 _c80940
_d80940